Normal view
MARC view
- Dard, K̲h̲vājah Mīr,
Entry Personal Name
001 - CONTROL NUMBER
- control field: 12843
003 - CONTROL NUMBER IDENTIFIER
- control field: NUST
005 - DATE AND TIME OF LATEST TRANSACTION
- control field: 20190102045440.0
008 - FIXED-LENGTH DATA ELEMENTS
- fixed length control field: 190102|| aca||aabn | a|a d
040 ## - CATALOGING SOURCE
- Original cataloging agency: NUST
- Transcribing agency: NUST
100 ## - HEADING--PERSONAL NAME
- Personal name: Dard, K̲h̲vājah Mīr,
- Dates associated with a name: 1720 or 1721-1785
- General subdivision: Religion.
670 ## - SOURCE DATA FOUND
- Source citation: Work cat.: (NUST)0: Schimmel, Annemarie, 1922-2003. 12842, Pain and grace :, 1976.
